000 00935nam a2200217Ia 4500
003 Ost
005 20260507075647.0
008 260507s9999||||xx |||||||||||||| ||und||
020 _a9051009957
040 _cfsecg
041 _aara
082 _a352.96
100 _aخميس، موسي يوسف
_eمؤلف
245 0 _aمدخل الى التخطيط /
_c موسي يوسف خميس
260 _aعمان:
_bدار الشروق للنشر والتوزيع,
_c1999
300 _a270 صفحة؛
_bإيضاحات ؛
_c24 سم
520 _aمدخل الى التخطيط- أبعاد ومكونات وخصائص التخطيط- مراحل العملية التخطيطية- المركزية واللامركزية في التخطيط- المشاركة الشعبية في التخطيط- التخطيط في الاردن- نماذج تخطيطية.
653 _aالإدارة
653 _aالتخطيط
942 _cكتاب
999 _c45505
_d45505